000 00920nas a2200289 4500
001 BR2013009686
003 BR-BrBNA
005 20231205123319.0
007 ta
008 230509b bl.|||p| |||| 00| 00por d
040 _aBR-BrBNA
_bpor
_cBiblioteca Nacional de Agricultura
041 _a(En)
072 _aQ04; Q02; U10
100 1 _aCorrêa, S.C.
100 1 _aRezende, M.L.
100 1 _aFerreira, E.B.
100 1 _aAzevedo, L.
245 1 _aMarolo (Annona crassiflora Mart.): a study of value chain and processing
650 _aPROCESSAMENTO
650 _aHIDRATAÇÃO
650 _aPLANTA NATIVA
650 _aPRESERVAÇÃO DE ALIMENTO
773 0 _tCiência e Tecnologia de Alimentos (Brazil)
_xISSN 1678-457X
_g(Apr-Jun 2013), v. 33(2) p. 362-368
_wBR2013009686
856 4 0 _uhttp://www.scielo.br/pdf/cta/v33n2/aop_5785.pdf
909 _a202311
_bLúcia
_c55
_dLúcia Elande
942 _2AGRIS
_n0
_cANA
999 _c233263
_d233263